000 00835nam a2200181Ia 4500
008 090630s9999 xx 000 0 und d
082 _b14993
100 _aप्रा. पाटील शा. म.
245 _aकृषी उत्पादन अर्थशास्त्र.
_cप्रा. पाटील शा. म.
260 _bमहाराष्ट्र विद्यापीठ ग्रंथनिर्मिती मंडळ - नागपूर.
_c1984
300 _a328
600 _aप्रा. पाटील शा. म.
630 _aकृषी उत्पादन अर्थशास्त्र.
655 _aइतर.
700 _aप्रा. पाटील शा. म.
730 _aकृषी उत्पादन अर्थशास्त्र.
942 _cBOOK
999 _c266849
_d266849